Sports Quiz

Random Sports or Clickable Quiz

Super Rugby Teams Country Sort Quiz Stats

 Plays Quiz not verified by Sporcle

Score 0/15 Timer 02:30
2 Plays Today
% Correct
Australia
69.8%
Argentina
69.8%
New Zealand
61.5%
Australia
61.1%
Australia
59.3%
Australia
57.9%
New Zealand
56.4%
Japan
56.4%
% Correct
South Africa
56.1%
New Zealand
53.8%
New Zealand
53.7%
New Zealand
53.3%
South Africa
50.1%
South Africa
49.6%
South Africa
47.7%

You're not logged in!

Compare scores with friends on all Sporcle quizzes.
OR
Log In

Show Comments

Extras

Top Quizzes Today


Score Distribution

Your Account Isn't Verified!

In order to create a playlist on Sporcle, you need to verify the email address you used during registration. Go to your Sporcle Settings to finish the process.

Report this User

Report this user for behavior that violates our Community Guidelines.

Details: